[Event "41. Abierto Ciudad de Mar del Plata"]
[Site "Mar del Plata ARG"]
[Date "2010.03.27"]
[Round "1.24"]
[White "Martin, Luis Jacinto"]
[Black "Gorisnic, Eduardo"]
[Result "1-0"]
[WhiteElo "1851"]
[BlackElo "2240"]
[PlyCount "40"]
[EventDate "2010.03.27"]
[EventType "swiss"]
[EventRounds "9"]
[EventCountry "ARG"]
[Source "lmi"]
[SourceDate "2010.03.27"]

1. Nf3 c5 2. g3 g6 3. Bg2 Bg7 4. c4 Nc6 5. Nc3 e6 6. Ne4 Qe7 7. d4 cxd4 8. c5
h6 9. Nd6+ Kf8 10. Rb1 e5 11. O-O Nf6 12. Nh4 Ne8 13. Nxf7 Qxf7 14. Be4 Ne7 15.
f4 Kg8 16. Qd3 d5 17. Bxd5 Nxd5 18. fxe5 Bf5 19. g4 g5 20. Nxf5 Nb4 1-0

[Event "41. Abierto Ciudad de Mar del Plata"]
[Site "Mar del Plata ARG"]
[Date "2010.03.28"]
[Round "2.21"]
[White "Lapicki, Raul"]
[Black "Jamoluk, Jorge Eugenio"]
[Result "1-0"]
[WhiteElo "2257"]
[BlackElo "2048"]
[PlyCount "93"]
[EventDate "2010.03.27"]
[EventType "swiss"]
[EventRounds "9"]
[EventCountry "ARG"]
[Source "lmi"]
[SourceDate "2010.03.27"]

1. e4 e6 2. d4 d5 3. e5 c5 4. c3 Nc6 5. Nf3 Qb6 6. a3 Bd7 7. b4 cxd4 8. cxd4
Nge7 9. Nc3 Nf5 10. Na4 Qd8 11. Bb2 Be7 12. Nc5 Bxc5 13. dxc5 O-O 14. Bd3 Nh4
15. O-O Ng6 16. Re1 a6 17. Qd2 b6 18. cxb6 Qxb6 19. h4 Rfc8 20. h5 Nf8 21. h6
g6 22. Qf4 Qd8 23. a4 Be8 24. b5 Na5 25. Bd4 Nd7 26. Rab1 axb5 27. axb5 Nb7 28.
b6 Ndc5 29. Bxc5 Rxc5 30. Nh2 Ra4 31. Rb4 Rxb4 32. Qxb4 Ra5 33. Rb1 Ra4 34. Qc3
Ra8 35. Ng4 Rc8 36. Nf6+ Kh8 37. Qb4 Bc6 38. Rc1 d4 39. Rd1 Qf8 40. Qxf8+ Rxf8
41. Rc1 Na5 42. Rc5 Ra8 43. g3 Bb7 44. Rc7 Rf8 45. Bb5 Bc8 46. Be8 d3 47. Rxc8
1-0

[Event "41. Abierto Ciudad de Mar del Plata"]
[Site "Mar del Plata ARG"]
[Date "2010.03.28"]
[Round "2.24"]
[White "Jimenez, Joaquin"]
[Black "Acosta, Jose Mariano"]
[Result "1-0"]
[WhiteElo "2227"]
[BlackElo "2013"]
[PlyCount "127"]
[EventDate "2010.03.27"]
[EventType "swiss"]
[EventRounds "9"]
[EventCountry "ARG"]
[Source "lmi"]
[SourceDate "2010.03.27"]

1. e4 Nf6 2. Nc3 d5 3. e5 Ne4 4. Qf3 Nxc3 5. dxc3 g6 6. Bf4 Bg7 7. O-O-O e6 8.
h4 h6 9. Bd3 Nd7 10. Qg3 Nc5 11. Nf3 Nxd3+ 12. Rxd3 b6 13. Rd2 Ba6 14. h5 Qd7
15. hxg6 O-O-O 16. gxf7 Qxf7 17. Rh4 Kb8 18. Nd4 Rde8 19. Qe3 Qg6 20. g3 c5 21.
Nf3 Bb7 22. Nh2 h5 23. Nf3 Qf5 24. Qe2 Ref8 25. Rd1 Bc6 26. Rdh1 Be8 27. R4h2
Kb7 28. Nh4 Qf7 29. Qd3 a6 30. Nf3 Qg6 31. Ng5 Rf5 32. Nf3 Rff8 33. Qxg6 Bxg6
34. Ng5 Rf5 35. Nxe6 Bxe5 36. Re1 Bf6 37. Bd2 Bf7 38. Nf4 Kc6 39. Nd3 Rf8 40.
Bf4 Re8 41. Rxe8 Bxe8 42. Kd2 a5 43. Rh1 c4 44. Nc1 d4 45. Ne2 dxc3+ 46. bxc3
Rd5+ 47. Kc1 Bg6 48. f3 b5 49. Bd2 Bf7 50. Be3 b4 51. Bd4 Bg5+ 52. f4 Be7 53.
Kd2 Rd8 54. Ke3 b3 55. cxb3 cxb3 56. axb3 Bxb3 57. Rxh5 a4 58. Ra5 Re8 59. Kd2
a3 60. Nc1 Bc4 61. Nd3 Be6 62. Ne5+ Kb7 63. Ra7+ Kc8 64. Ra8+ 1-0